Scenario Forecasting of Enterprise Development under Conditions of Uncertainty

Prognózovanie scenárov môže pomôcť manažérom robiť správne rozhodnutia a znížiť tak negatívny vplyv vonkajšieho prostredia na podnikanie. Informačnou bázou pre našu štúdiu boli výsledky rozvoja veľkých, stredných, malých a mikropodnikov na Ukrajine za r. rokov 2011 – 2021. Na implementáciu predikcie...

Descrizione completa

Salvato in:
Dettagli Bibliografici
Autore principale: Zubro, Tetyana, 1975-
Altri autori: Serhiienko, Serhii
Natura: Capitolo di libro
Lingua:inglese
Soggetti:
Tags: Aggiungi Tag
Nessun Tag, puoi essere il primo ad aggiungerne!!

MARC

LEADER 00000naa$a2200000$$$4500
001 0303392
005 20240808093702.4
041 0 |a eng 
044 |a UA 
245 1 0 |a Scenario Forecasting of Enterprise Development under Conditions of Uncertainty  |c Tetyana Zubro, Serhii Serhiienko 
520 |a Prognózovanie scenárov môže pomôcť manažérom robiť správne rozhodnutia a znížiť tak negatívny vplyv vonkajšieho prostredia na podnikanie. Informačnou bázou pre našu štúdiu boli výsledky rozvoja veľkých, stredných, malých a mikropodnikov na Ukrajine za r. rokov 2011 – 2021. Na implementáciu predikcie scenára sme použili metódy matematického modelovania a prognózovania, založené na štúdiu výkonnosti ekonomických systémov za určité retrospektívne obdobie. 
610 2 0 |a kríza 
610 2 0 |a podnik 
610 2 0 |a rozvoj podniku 
610 2 0 |a scenáre 
610 2 0 |a podnikanie 
610 2 0 |a Ukrajina 
100 1 |a Zubro, Tetyana, 1975- 
700 1 |a Serhiienko, Serhii